Mixed Words Beginning With T Quiz Stats

 Plays Quiz Updated Feb 21, 2016

Challenge
Share
Tweet
Embed
Score 0/20 Timer 03:00
2 Plays Today
% Correct
Tuba
96.5%
Thailand
94.9%
Tron
89%
Tongue
88.1%
Trumpet
84.9%
Tonga
82.7%
Titanic
81.9%
Tanzania
81.1%
Trombone
76.3%
Traffic
75.8%
% Correct
Tambourine
74.4%
Twilight
71.5%
Turkmenistan
63.8%
Tunisia
61.1%
Thyroid
59.3%
Transformers
53.9%
Trachea
52.1%
Triangle
49.9%
Testicle
30.2%
Toenail
28.1%

You're not logged in!

Compare scores with friends on all Sporcle quizzes.
OR
Log In

You Might Also Like...

Show Comments

Extras

Top Quizzes Today


Score Distribution

Your Account Isn't Verified!

In order to create a playlist on Sporcle, you need to verify the email address you used during registration. Go to your Sporcle Settings to finish the process.

Report this User

Report this user for behavior that violates our Community Guidelines.

Details: